000 00683nam a2200181 a 4500
008 170228s2008 ||||||||||||||||| || u
020 _a9780323043731
050 _aRK 667.I45 Mis
100 _aMisch, Carl E
245 1 0 _aContemporary implant dentsity. (3rd ed.)
_cBy Carl E. Misch
250 _a3rd ed.
260 _aSt Louis Missouri:
_bMosby Elsevier
_c2008
300 _axvii, 1102p.: ill.
350 _a230.00
650 0 _aDENTAL IMPLANTS
650 _aDENTAL PROSTHESIS DESIGN
995 _aMICHAEL CHILUFYA SATA OPEN ACCESS
_e903694
_FCBU-SCHOOL OF MEDICINE LIBRARY (Ndola)
_I230.00
_jRK 667.I45 Mis
_M1
_UAVAILABLE
_WMar 7, 2017
_y903694
_ZMedical Library Open Access Collection
999 _c31150
_d31150